书目信息 |
| 题名: |
21年春节联欢晚会内部消息
|
|
| 作者: | 泥子 著 | |
| 分册: | ||
| 出版信息: | 北京 新华出版社 2004 |
|
| 页数: | 486页, [18]页图版 | |
| 开本: | 21cm | |
| 丛书名: | ||
| 单 册: | ||
| 中图分类: | G223 | |
| 科图分类: | ||
| 主题词: | 电视节目--评论--中国--1983~2003 | |
| 电子资源: | ||
| ISBN: | 7-5011-6530-0 | |
| 000 | 00859nam0 2200241 450 | |
| 000 | 00890nam0 2200253 450 | |
| 000 | 00823nam0 2200229 450 | |
| 000 | 00786nam0 2200217 45 | |
| 005 | 20070530174222.68 | |
| 010 | @a7-5011-6530-0@dCNY32.00 | |
| 100 | @a20051101d2004 ekmy0chiy0120 ea | |
| 101 | 0 | @achi |
| 102 | @aCN@b110000 | |
| 105 | @afa z 000yy | |
| 200 | 1 | @a21年春节联欢晚会内部消息@A21 Nian Chun Jie Lian Huan Wan Hui Nei Bu Xiao Xi@f泥子等著@FNi Zi Deng Zhu |
| 210 | @a北京@c新华出版社@d2004 | |
| 215 | @a486页, [18]页图版@c照片@d21cm | |
| 330 | @a本书披露了21年来春节联欢晚会的内部消息,其中包括总导演、谋事、晚会模式、主持人、节目、演员、抄作、五大疑问、好戏在后头等九部分内容。 | |
| 606 | 0 | @a电视节目@x评论@y中国@z1983~2003 |
| 690 | @aG223@v4 | |
| 701 | 0 | @a泥子@ANi Zi@4著 |
| 801 | 0 | @aCN@bFYSX@c20070530 |
| 905 | @a10447@dG223@e42 | |
| 21年春节联欢晚会内部消息/泥子等著.-北京:新华出版社,2004 |
| 486页, [18]页图版:照片;21cm |
| ISBN 7-5011-6530-0:CNY32.00 |
| 本书披露了21年来春节联欢晚会的内部消息,其中包括总导演、谋事、晚会模式、主持人、节目、演员、抄作、五大疑问、好戏在后头等九部分内容。 |
| ● |
| 相关链接 |
|
|
|
|
正题名:21年春节联欢晚会内部消息
索取号:G223/42
 
预约/预借
| 序号 | 登录号 | 条形码 | 馆藏地/架位号 | 状态 | 备注 |
| 1 | 0510185 | 205101851 | 第一样本阅览室/ [索取号:G223/42] | 在馆 | |
| 2 | 0510186 | 205101860 | 第四借阅区/ [索取号:G223/42] | 在馆 | |
| 3 | 0510187 | 205101879 | 第四借阅区/ [索取号:G223/42] | 在馆 | |
| 4 | 0510188 | 205101888 | 第四借阅区/ [索取号:G223/42] | 在馆 | |
| 5 | 0510189 | 205101897 | 第四借阅区/ [索取号:G223/42] | 在馆 | |
| 6 | 0510190 | 205101904 | 第四借阅区/ [索取号:G223/42] | 在馆 | |
| 7 | 0510191 | 205101913 | 第四借阅区/ [索取号:G223/42] | 在馆 | |
| 8 | 0510192 | 205101922 | 第四借阅区/ [索取号:G223/42] | 在馆 |